000 00644nam a2200253Ia 4500
008 160716s9999||||xx |||||||||||||| ||und||
040 _cHindi
082 _avii.A (author) buddhaghosha
082 _bBORI-45086
245 _aAcharya buddhaghosha
245 _bEk samikshatmak adhyayan
260 _aVaranasi
260 _b"Bhikshu M. sanghratna, mantri, mahabodhi sabha"
300 _a41
300 _cC
300 _eHardbound
530 _bchauhan D. V.
530 _u00045107.pdf
630 _aAcharya buddhaghosha
650 _aAuthor
650 _aClassical lit.
730 _aAcharya buddhaghosha
942 _cBOOK
999 _c1396016
_d1396013